| 000 | 00532nam a22001577a 4500 | ||
|---|---|---|---|
| 003 | NUST | ||
| 082 | _a200 | ||
| 100 |
_aZia, Nabeeha _9122984 |
||
| 245 |
_aGreen Human Resource Management Practices and Covid 19: How Do Organizations Respond?/ _cNabeeha Zia, |
||
| 264 |
_aIslamabad, _bNBS NUST, _c2024. |
||
| 300 |
_a227,p; _bill; _c30,cm. |
||
| 690 |
_aManagement and Human Resource _9119979 |
||
| 700 |
_aSupervisor:Dr. Ayesha Abrar _9120210 |
||
| 856 | _uhttp://10.250.8.41:8080/xmlui/handle/123456789/43543 | ||
| 942 |
_2ddc _cTHE |
||
| 999 |
_c609334 _d609334 |
||